|
|
|
|
| LEADER |
00000nab a2200000 ar4500 |
| 001 |
vtls010182355 |
| 003 |
SK-MaSNL |
| 005 |
20260318140626.0 |
| 008 |
101022c20100827xo |||||||| 000 b|hun |
| 015 |
|
|
|a SNBRB2010/10
|2 snkbucl
|
| 038 |
|
|
|a SNKBUCL
|
| 040 |
|
|
|a DSZK
|b slo
|c DSZK
|e AACR2
|
| 041 |
0 |
|
|a hun
|
| 044 |
|
|
|a xo
|c SK
|
| 080 |
|
|
|a 792.071.2
|2 2001
|
| 080 |
|
|
|a 792.075
|2 2001
|
| 080 |
|
|
|a 929 Konrád, József
|2 2001
|
| 245 |
0 |
0 |
|a Elhunyt Konrád József
|b sokoldalú művész volt
|c [szerző] (b)
|
| 300 |
|
|
|b Fotogr.
|
| 500 |
|
|
|a József Konrád od roku 2008 bol Večným Členom Jókaiho divadla v Komárne
|
| 600 |
1 |
7 |
|a Konrád, József,
|d 1921-2010
|2 snkbucl
|9 260419
|
| 651 |
|
7 |
|a Komárno (Slovensko)
|2 SNKPHgeo
|9 39168
|
| 655 |
|
7 |
|a správy o úmrtí
|2 snkbucl
|9 893773
|
| 773 |
0 |
|
|t Új szó
|g Évf. 63, sz. 198 (27.8.2010), o. 6
|x 1335-7050
|
| 852 |
|
|
|a SNK
|b KIS3GCP
|
| 852 |
|
|
|a DSZK
|b KIS3GCP
|
| 958 |
|
|
|a HU
|
| 958 |
|
|
|a SK
|
| 999 |
|
|
|c 1897635
|d 1899565
|